00292nam a2200121 4500082001600000100002300016245004200039260002500081300000700106490001000113500002800123650001900151 a583.950 ARA aArambewela Lakshmi aSri Lankan Medical Plant Piper Longum aColombobCISIRc1999 a24 aVol 3 aMonographs and Analysis aMedical Plants